| 000 | 00999nam a2200289Ia 4500 | ||
|---|---|---|---|
| 001 | 60005 | ||
| 003 | IT-RoPAU | ||
| 008 | 130308s9999 xx 000 0 und d | ||
| 040 | _aIT-RoPAU | ||
| 040 | _cIT-RoPAU | ||
| 041 | _aITALIANO | ||
| 100 | _aPiaget Jean | ||
| 100 | _gCodice Aut. SPICS: 2626 | ||
| 245 | _aFondamenti della comunicazione musicale-III parte | ||
| 245 | _bFondamenti della Comunicazione Musicale | ||
| 250 | _a1a ed. | ||
| 260 | _bs.e. (senza Editrice o non identificata) | ||
| 260 | _c1986 [1° Ed.:1986 - Ed.Ling.Originale:1972] | ||
| 300 | _a"30 p. (prefazione: no ; testo: 30 [pagine: 116-146])" | ||
| 500 | _aFenomeno Musicale e Azioni Espressive Funzioni contenuti Linguaggi e Destinatari dell'Azione Espressiva Nascita del Gioco Simbolo contenuti Deel'Agire Espressivo Linguaggi Espressivi e Linguaggio Musicale | ||
| 650 | _aLINGUAGGIO MUSICALE | ||
| 650 | _eCodice materia Spics: 7004 | ||
| 942 | _cBK | ||
| 957 | _71 | ||
| 999 |
_c58408 _d58408 |
||
| 999 | _bSI | ||
| 999 | _g1 | ||